000 00618cam a2200193 4500
001 BIIH004205
008 1984 spa
020 _a968-496-037-9
035 _aBIIH004205
050 4 _aHD330
_b.T4 M37 1984
100 1 _aMartinez, Hildeberto
245 0 _aTepeaca en el siglo XVI : Tenecia de la tierra y organización de un señorío /
_cHildeberto Martínez.
260 _aMéxico :
_bCIESAS,
_c1984
300 _a230 p. ;
_c21 cm.
440 0 _aEdiciones de la Casa Chata ; 21
500 _a2 ejemplares
650 4 _aTierras
_xTenecia -Tepeaca, Puebla
_xHistoria
942 _2lcc
_cLIB
999 _c66299
_d66299